Normal view
MARC view
- Hill, Philip
Entry Personal Name
001 - CONTROL NUMBER
- control field: 83855
003 - CONTROL NUMBER IDENTIFIER
- control field: NUST
005 - DATE AND TIME OF LATEST TRANSACTION
- control field: 20211111102019.0
008 - FIXED-LENGTH DATA ELEMENTS
- fixed length control field: 211111|| aca||aabn | a|a d
040 ## - CATALOGING SOURCE
- Original cataloging agency: NUST
- Transcribing agency: NUST
100 ## - HEADING--PERSONAL NAME
- Personal name: Hill, Philip
670 ## - SOURCE DATA FOUND
- Source citation: Work cat.: (NUST)33942: Hill, Philip., Mechanics and Thermodynamics of Propulsion, 2011.
